书目信息 |
| 题名: |
哲学与人生
|
|
| 作者: | 傅佩荣 著 | |
| 分册: | ||
| 出版信息: | 北京 东方出版社 2005.01 |
|
| 页数: | 355页 | |
| 开本: | 20cm | |
| 丛书名: | ||
| 单 册: | ||
| 中图分类: | B821 | |
| 科图分类: | ||
| 主题词: | 人生观 | |
| 电子资源: | ||
| ISBN: | 7-5060-2046-7 | |
| 000 | 00521nam0 2200193 450 | |
| 001 | 0554100083 | |
| 005 | 20050617113648.62 | |
| 010 | @a7-5060-2046-7@dCNY 38.00 | |
| 100 | @a20050608d2005 km y0chiy0120 ea | |
| 101 | 0 | @achi |
| 102 | @aCN@b110000 | |
| 200 | 1 | @a哲学与人生@Azhe xue yu ren sheng@f傅佩荣著@Ffu pei rong zhu |
| 210 | @a北京@c东方出版社@d2005.01 | |
| 215 | @a355页@d20cm | |
| 606 | 0 | @a人生观 |
| 690 | @aB821@v4 | |
| 701 | 0 | @a傅佩荣@Afu pei rong@4著 |
| 801 | 0 | @aCN@bPFT@c20050617 |
| 905 | @a10447@dB821@eF947 | |
| 哲学与人生/傅佩荣著.-北京:东方出版社,2005.01 |
| 355页;20cm |
| ISBN 7-5060-2046-7:CNY 38.00 |
| ● |
| 相关链接 |
|
|
|
正题名:哲学与人生
索取号:B821/F947
 
预约/预借
| 序号 | 登录号 | 条形码 | 馆藏地/架位号 | 状态 | 备注 |
| 1 | 536774 | 205367743 | 社科库509/509社科库 21排4列6层/ [索取号:B821/F947] | 在馆 | |
| 2 | 536775 | 205367752 | 社科库509/509社科库 21排4列6层/ [索取号:B821/F947] | 在馆 | |
| 3 | 536776 | 205367761 | 社科库509/509社科库 21排4列6层/ [索取号:B821/F947] | 在馆 |